Kreditný manažér a jeho úloha v podniku a banke
Kto je kreditný manažér. Nástroje a právomoci kreditného manažéra. Kreditný manažér v reťazci podnikových procesov. Kreditné štrandardy a kreditný rating. Kreditný manažér v bankovníctve. Marketingová a obchodná úloha moderného kreditného manažéra.
Salvato in:
| Autore principale: | |
|---|---|
| Natura: | Capitolo di libro |
| Lingua: | slovacco |
| Soggetti: | |
| Tags: |
Nessun Tag, puoi essere il primo ad aggiungerne!!
|
MARC
| LEADER | 00000naa a2200000 4500 | ||
|---|---|---|---|
| 001 | 0135813 | ||
| 005 | 20231103073024.3 | ||
| 041 | 0 | |a slo | |
| 044 | |a SK | ||
| 245 | 1 | 0 | |a Kreditný manažér a jeho úloha v podniku a banke |c Peter Daniel |
| 520 | |a Kto je kreditný manažér. Nástroje a právomoci kreditného manažéra. Kreditný manažér v reťazci podnikových procesov. Kreditné štrandardy a kreditný rating. Kreditný manažér v bankovníctve. Marketingová a obchodná úloha moderného kreditného manažéra. | ||
| 610 | 2 | 0 | |a manažéri |
| 610 | 2 | 0 | |a riadenie |
| 610 | 2 | 0 | |a pohľadávky |
| 610 | 2 | 0 | |a faktúry |
| 610 | 2 | 0 | |a odberatelia |
| 610 | 2 | 0 | |a kontrola |
| 610 | 2 | 0 | |a dodávatelia |
| 610 | 2 | 0 | |a vzťahy dodávateľsko-odberateľské |
| 610 | 2 | 0 | |a rating |
| 610 | 2 | 0 | |a záväzky |
| 610 | 2 | 0 | |a bankovníctvo |
| 610 | 2 | 0 | |a banky |
| 610 | 2 | 0 | |a podnik |
| 100 | 1 | |a Daniel, Peter | |